<?xml version="1.0" encoding="UTF-8"?>
<record
    xmlns:xsi="http://www.w3.org/2001/XMLSchema-instance"
    xsi:schemaLocation="http://www.loc.gov/MARC21/slim http://www.loc.gov/standards/marcxml/schema/MARC21slim.xsd"
    xmlns="http://www.loc.gov/MARC21/slim">

  <leader>00724nam a22001937a 4500</leader>
  <controlfield tag="005">20130515163705.0</controlfield>
  <datafield tag="010" ind1=" " ind2=" ">
    <subfield code="a">B-505034-046</subfield>
  </datafield>
  <datafield tag="020" ind1=" " ind2=" ">
    <subfield code="a">9780198081456</subfield>
    <subfield code="c">750.00</subfield>
  </datafield>
  <datafield tag="035" ind1=" " ind2=" ">
    <subfield code="a">B-505034-046</subfield>
  </datafield>
  <datafield tag="037" ind1=" " ind2=" ">
    <subfield code="b">UBH/Ven</subfield>
  </datafield>
  <datafield tag="082" ind1=" " ind2=" ">
    <subfield code="a">488.0076</subfield>
  </datafield>
  <datafield tag="100" ind1=" " ind2=" ">
    <subfield code="a">Bates, Susan</subfield>
  </datafield>
  <datafield tag="245" ind1=" " ind2=" ">
    <subfield code="a">Oxford Preparation Course For Toefl iBT Exam</subfield>
    <subfield code="b">a skills-based communicative approach</subfield>
    <subfield code="c">by Susan Bates</subfield>
  </datafield>
  <datafield tag="260" ind1=" " ind2=" ">
    <subfield code="a">New Delhi</subfield>
    <subfield code="b">Oxford University Press</subfield>
    <subfield code="c">c2012</subfield>
  </datafield>
  <datafield tag="270" ind1=" " ind2=" ">
    <subfield code="a">YMCA Library Building,1 Jai Singh Road</subfield>
    <subfield code="b">New Delhi</subfield>
    <subfield code="e">110001</subfield>
  </datafield>
  <datafield tag="300" ind1=" " ind2=" ">
    <subfield code="a">Ixviii,643p.</subfield>
    <subfield code="c">28cm(pbk).</subfield>
    <subfield code="e">6  Audio CD's</subfield>
  </datafield>
  <datafield tag="942" ind1=" " ind2=" ">
    <subfield code="2">ddc</subfield>
    <subfield code="c">EN</subfield>
    <subfield code="m">BAT</subfield>
    <subfield code="h">488.0076</subfield>
  </datafield>
  <datafield tag="999" ind1=" " ind2=" ">
    <subfield code="c">74434</subfield>
    <subfield code="d">74434</subfield>
  </datafield>
  <datafield tag="952" ind1=" " ind2=" ">
    <subfield code="0">0</subfield>
    <subfield code="1">0</subfield>
    <subfield code="4">0</subfield>
    <subfield code="7">0</subfield>
    <subfield code="8">NFIC</subfield>
    <subfield code="a">L</subfield>
    <subfield code="b">L</subfield>
    <subfield code="d">2013-05-15</subfield>
    <subfield code="e">UBH/291/19.03.2013/180/08.03.2013/20.03.2013</subfield>
    <subfield code="g">750.00</subfield>
    <subfield code="l">0</subfield>
    <subfield code="o">488.0076 BAT</subfield>
    <subfield code="p">B-505034</subfield>
    <subfield code="r">2013-05-15 00:00:00</subfield>
    <subfield code="t">2</subfield>
    <subfield code="v">750.00</subfield>
    <subfield code="y">EN</subfield>
    <subfield code="z">Legal Case (Register 2018)</subfield>
  </datafield>
  <datafield tag="952" ind1=" " ind2=" ">
    <subfield code="0">0</subfield>
    <subfield code="1">0</subfield>
    <subfield code="4">0</subfield>
    <subfield code="7">0</subfield>
    <subfield code="8">NFIC</subfield>
    <subfield code="a">L</subfield>
    <subfield code="b">L</subfield>
    <subfield code="d">2013-05-15</subfield>
    <subfield code="e">UBH/291/19.03.2013/180/08.03.2013/20.03.2013</subfield>
    <subfield code="g">750.00</subfield>
    <subfield code="l">12</subfield>
    <subfield code="m">9</subfield>
    <subfield code="o">488.0076 BAT</subfield>
    <subfield code="p">B-505035</subfield>
    <subfield code="r">2023-06-12 00:00:00</subfield>
    <subfield code="s">2023-05-13</subfield>
    <subfield code="t">2</subfield>
    <subfield code="v">750.00</subfield>
    <subfield code="y">EN</subfield>
  </datafield>
  <datafield tag="952" ind1=" " ind2=" ">
    <subfield code="0">0</subfield>
    <subfield code="1">0</subfield>
    <subfield code="4">0</subfield>
    <subfield code="7">0</subfield>
    <subfield code="8">NFIC</subfield>
    <subfield code="a">M</subfield>
    <subfield code="b">M</subfield>
    <subfield code="d">2013-05-15</subfield>
    <subfield code="e">UBH/291/19.03.2013/180/08.03.2013/20.03.2013</subfield>
    <subfield code="g">750.00</subfield>
    <subfield code="l">0</subfield>
    <subfield code="o">488.0076 BAT</subfield>
    <subfield code="p">B-505036</subfield>
    <subfield code="r">2013-05-15 00:00:00</subfield>
    <subfield code="t">2</subfield>
    <subfield code="v">750.00</subfield>
    <subfield code="y">EN</subfield>
  </datafield>
  <datafield tag="952" ind1=" " ind2=" ">
    <subfield code="0">0</subfield>
    <subfield code="1">0</subfield>
    <subfield code="4">0</subfield>
    <subfield code="7">0</subfield>
    <subfield code="8">NFIC</subfield>
    <subfield code="a">M</subfield>
    <subfield code="b">M</subfield>
    <subfield code="d">2013-05-15</subfield>
    <subfield code="e">UBH/291/19.03.2013/180/08.03.2013/20.03.2013</subfield>
    <subfield code="g">750.00</subfield>
    <subfield code="l">0</subfield>
    <subfield code="o">488.0076 BAT</subfield>
    <subfield code="p">B-505037</subfield>
    <subfield code="r">2013-05-15 00:00:00</subfield>
    <subfield code="t">2</subfield>
    <subfield code="v">750.00</subfield>
    <subfield code="y">EN</subfield>
  </datafield>
  <datafield tag="952" ind1=" " ind2=" ">
    <subfield code="0">0</subfield>
    <subfield code="1">0</subfield>
    <subfield code="4">0</subfield>
    <subfield code="7">0</subfield>
    <subfield code="8">NFIC</subfield>
    <subfield code="a">BL1</subfield>
    <subfield code="b">BL1</subfield>
    <subfield code="d">2013-05-15</subfield>
    <subfield code="e">UBH/291/19.03.2013/180/08.03.2013/20.03.2013</subfield>
    <subfield code="g">750.00</subfield>
    <subfield code="l">7</subfield>
    <subfield code="m">2</subfield>
    <subfield code="o">488.0076 BAT</subfield>
    <subfield code="p">B-505038</subfield>
    <subfield code="r">2022-07-25 00:00:00</subfield>
    <subfield code="s">2022-06-14</subfield>
    <subfield code="t">1</subfield>
    <subfield code="v">750.00</subfield>
    <subfield code="y">EN</subfield>
  </datafield>
  <datafield tag="952" ind1=" " ind2=" ">
    <subfield code="0">0</subfield>
    <subfield code="1">0</subfield>
    <subfield code="4">0</subfield>
    <subfield code="7">0</subfield>
    <subfield code="8">NFIC</subfield>
    <subfield code="a">KGM</subfield>
    <subfield code="b">KGM</subfield>
    <subfield code="d">2013-05-15</subfield>
    <subfield code="e">UBH/291/19.03.2013/180/08.03.2013/20.03.2013</subfield>
    <subfield code="g">750.00</subfield>
    <subfield code="l">1</subfield>
    <subfield code="m">1</subfield>
    <subfield code="o">488.0076 BAT</subfield>
    <subfield code="p">B-505039</subfield>
    <subfield code="r">2022-10-20 00:00:00</subfield>
    <subfield code="s">2022-09-24</subfield>
    <subfield code="t">1</subfield>
    <subfield code="v">750.00</subfield>
    <subfield code="y">EN</subfield>
  </datafield>
  <datafield tag="952" ind1=" " ind2=" ">
    <subfield code="0">0</subfield>
    <subfield code="1">0</subfield>
    <subfield code="4">0</subfield>
    <subfield code="7">0</subfield>
    <subfield code="8">NFIC</subfield>
    <subfield code="a">JP</subfield>
    <subfield code="b">JP</subfield>
    <subfield code="d">2013-05-15</subfield>
    <subfield code="e">UBH/291/19.03.2013/180/08.03.2013/20.03.2013</subfield>
    <subfield code="g">750.00</subfield>
    <subfield code="l">14</subfield>
    <subfield code="m">3</subfield>
    <subfield code="o">488.0076 BAT</subfield>
    <subfield code="p">B-505040</subfield>
    <subfield code="r">2026-06-01 13:01:01</subfield>
    <subfield code="s">2026-05-18</subfield>
    <subfield code="t">1</subfield>
    <subfield code="v">750.00</subfield>
    <subfield code="y">EN</subfield>
  </datafield>
  <datafield tag="952" ind1=" " ind2=" ">
    <subfield code="0">0</subfield>
    <subfield code="1">0</subfield>
    <subfield code="4">0</subfield>
    <subfield code="7">0</subfield>
    <subfield code="8">NFIC</subfield>
    <subfield code="a">ZLS</subfield>
    <subfield code="b">ZLS</subfield>
    <subfield code="d">2013-05-15</subfield>
    <subfield code="e">UBH/291/19.03.2013/180/08.03.2013/20.03.2013</subfield>
    <subfield code="g">750.00</subfield>
    <subfield code="l">0</subfield>
    <subfield code="o">488.0076 BAT</subfield>
    <subfield code="p">B-505041</subfield>
    <subfield code="r">2013-05-15 00:00:00</subfield>
    <subfield code="t">2</subfield>
    <subfield code="v">750.00</subfield>
    <subfield code="y">EN</subfield>
  </datafield>
  <datafield tag="952" ind1=" " ind2=" ">
    <subfield code="0">0</subfield>
    <subfield code="1">0</subfield>
    <subfield code="4">0</subfield>
    <subfield code="7">0</subfield>
    <subfield code="8">NFIC</subfield>
    <subfield code="a">ZLS</subfield>
    <subfield code="b">ZLS</subfield>
    <subfield code="d">2013-05-15</subfield>
    <subfield code="e">UBH/291/19.03.2013/180/08.03.2013/20.03.2013</subfield>
    <subfield code="g">750.00</subfield>
    <subfield code="l">9</subfield>
    <subfield code="m">9</subfield>
    <subfield code="o">488.0076 BAT</subfield>
    <subfield code="p">B-505042</subfield>
    <subfield code="r">2022-09-06 00:00:00</subfield>
    <subfield code="s">2022-08-18</subfield>
    <subfield code="t">2</subfield>
    <subfield code="v">750.00</subfield>
    <subfield code="y">EN</subfield>
  </datafield>
  <datafield tag="952" ind1=" " ind2=" ">
    <subfield code="0">0</subfield>
    <subfield code="1">0</subfield>
    <subfield code="4">0</subfield>
    <subfield code="7">0</subfield>
    <subfield code="8">NFIC</subfield>
    <subfield code="a">VP</subfield>
    <subfield code="b">VP</subfield>
    <subfield code="d">2013-05-15</subfield>
    <subfield code="e">UBH/291/19.03.2013/180/08.03.2013/20.03.2013</subfield>
    <subfield code="g">750.00</subfield>
    <subfield code="l">8</subfield>
    <subfield code="m">3</subfield>
    <subfield code="o">488.0076 BAT</subfield>
    <subfield code="p">B-505043</subfield>
    <subfield code="r">2026-04-22 15:38:16</subfield>
    <subfield code="s">2026-03-13</subfield>
    <subfield code="t">1</subfield>
    <subfield code="v">750.00</subfield>
    <subfield code="y">EN</subfield>
  </datafield>
  <datafield tag="952" ind1=" " ind2=" ">
    <subfield code="0">0</subfield>
    <subfield code="1">3</subfield>
    <subfield code="4">0</subfield>
    <subfield code="7">0</subfield>
    <subfield code="8">NFIC</subfield>
    <subfield code="a">BL3</subfield>
    <subfield code="b">ZLS</subfield>
    <subfield code="d">2013-05-15</subfield>
    <subfield code="e">UBH/291/19.03.2013/180/08.03.2013/20.03.2013</subfield>
    <subfield code="g">750.00</subfield>
    <subfield code="l">1</subfield>
    <subfield code="o">488.0076 BAT</subfield>
    <subfield code="p">B-505044</subfield>
    <subfield code="r">2021-03-27 00:00:00</subfield>
    <subfield code="s">2021-03-27</subfield>
    <subfield code="t">1</subfield>
    <subfield code="v">750.00</subfield>
    <subfield code="y">EN</subfield>
  </datafield>
  <datafield tag="952" ind1=" " ind2=" ">
    <subfield code="0">0</subfield>
    <subfield code="1">0</subfield>
    <subfield code="4">0</subfield>
    <subfield code="7">0</subfield>
    <subfield code="8">NFIC</subfield>
    <subfield code="a">NR</subfield>
    <subfield code="b">NR</subfield>
    <subfield code="d">2013-05-15</subfield>
    <subfield code="e">UBH/291/19.03.2013/180/08.03.2013/20.03.2013</subfield>
    <subfield code="g">750.00</subfield>
    <subfield code="l">0</subfield>
    <subfield code="o">488.0076 BAT</subfield>
    <subfield code="p">B-505045</subfield>
    <subfield code="r">2013-05-15 00:00:00</subfield>
    <subfield code="t">1</subfield>
    <subfield code="v">750.00</subfield>
    <subfield code="y">EN</subfield>
  </datafield>
  <datafield tag="952" ind1=" " ind2=" ">
    <subfield code="0">0</subfield>
    <subfield code="1">0</subfield>
    <subfield code="4">0</subfield>
    <subfield code="7">0</subfield>
    <subfield code="8">NFIC</subfield>
    <subfield code="a">BL4</subfield>
    <subfield code="b">BL4</subfield>
    <subfield code="d">2013-05-15</subfield>
    <subfield code="e">UBH/291/19.03.2013/180/08.03.2013/20.03.2013</subfield>
    <subfield code="g">750.00</subfield>
    <subfield code="l">0</subfield>
    <subfield code="o">488.0076 BAT</subfield>
    <subfield code="p">B-505046</subfield>
    <subfield code="r">2013-05-15 00:00:00</subfield>
    <subfield code="t">1</subfield>
    <subfield code="v">750.00</subfield>
    <subfield code="y">EN</subfield>
  </datafield>
</record>
